[Event "BL 0910 Werder Bremen - H.Handschuhshei"]
[Site "?"]
[Date "2010.02.28"]
[Round "11.5"]
[White "Chernov, Vadim"]
[Black "Fressinet, Laurent"]
[Result "0-1"]
[WhiteElo "2433"]
[BlackElo "2658"]
[PlyCount "192"]
[EventDate "2010.??.??"]

1. e4 c5 2. Nf3 d6 3. Bb5+ Nd7 4. d4 Ngf6 5. e5 Qa5+ 6. Nc3 Ne4 7. Rb1 a6 8.
O-O d5 9. Bxd7+ Bxd7 10. Nxd5 e6 11. Nc3 Nxc3 12. bxc3 Bc6 13. Qd3 Qxa2 14. Bf4
b5 15. Ng5 Qd5 16. f3 b4 17. Rfd1 bxc3 18. dxc5 Qxd3 19. Rxd3 h6 20. Ne4 Bxe4
21. fxe4 Bxc5+ 22. Be3 Bxe3+ 23. Rxe3 O-O 24. Rxc3 a5 25. Kf2 a4 26. Ra3 Rfc8
27. c3 Ra5 28. Rb4 Rxe5 29. Rbxa4 Rec5 30. Ra8 Rxc3 31. Rxc8+ Rxc8 32. h4 h5
33. Kf3 Kh7 34. g3 Rc1 35. Rb3 Kg6 36. Rb6 Rc3+ 37. Kf2 Kf6 38. Rb5 g6 39. Ra5
Rc6 40. Kf3 e5 41. Ra8 Ke7 42. Rb8 Rc3+ 43. Kf2 Rd3 44. Ra8 Rd8 45. Ra6 Rd6 46.
Ra8 Ke6 47. Re8+ Kf6 48. Kf3 Rd7 49. Ke3 Re7 50. Rg8 Ke6 51. Kf3 Kd7 52. Rf8
Ke6 53. Rg8 Rd7 54. Ke3 Ke7 55. Ra8 Rd8 56. Ra6 Kf8 57. Ra7 Re8 58. Kf3 Re7 59.
Ra8+ Kg7 60. Ra5 f6 61. Ra6 Rf7 62. Re6 Kh6 63. Re8 Ra7 64. Rh8+ Kg7 65. Rb8 g5
66. hxg5 fxg5 67. Re8 g4+ 68. Kf2 Ra2+ 69. Kf1 Ra5 70. Re6 Kf7 71. Rh6 Ra4 72.
Rxh5 Kf6 73. Rf5+ Ke6 74. Kf2 Rxe4 75. Rf8 Ra4 76. Ke3 Ra3+ 77. Kf2 Ra2+ 78.
Ke3 Rg2 79. Re8+ Kf6 80. Rf8+ Ke7 81. Rf5 Ke6 82. Rg5 Rxg3+ 83. Ke4 Kf6 84.
Rxe5 Rf3 85. Re8 Kg5 86. Rh8 Ra3 87. Rh7 g3 88. Rh8 Kg4 89. Rg8+ Kh3 90. Kf4
Kg2 91. Rb8 Ra4+ 92. Ke3 Ra2 93. Rb7 Kg1 94. Rh7 g2 95. Rf7 Ra3+ 96. Ke2 Kh2
0-1

[Event "BL 0910 Werder Bremen - H.Handschuhshei"]
[Site "?"]
[Date "2010.02.28"]
[Round "11.6"]
[White "Areshchenko, Alexander"]
[Black "Gerigk, Erasmus"]
[Result "1-0"]
[WhiteElo "2667"]
[BlackElo "2335"]
[PlyCount "69"]
[EventDate "2010.??.??"]

1. e4 c5 2. Nf3 Nc6 3. Bb5 Nf6 4. e5 Nd5 5. Nc3 Nc7 6. Bxc6 dxc6 7. d3 Bg4 8.
Be3 Ne6 9. h3 Bxf3 10. Qxf3 Nd4 11. Qd1 Qc7 12. f4 g5 13. O-O O-O-O 14. Bxd4
cxd4 15. Ne4 gxf4 16. Qh5 e6 17. Nf6 Bg7 18. Rxf4 Bxf6 19. Rxf6 Rd5 20. Re1 Rf8
21. Re2 a6 22. Qxh7 Rxe5 23. Rxf7 Rxf7 24. Qg8+ Qd8 25. Qxd8+ Kxd8 26. Rxe5 Ke7
27. g4 Kf6 28. Re2 Rc7 29. Kg2 c5 30. Kf3 c4 31. Ke4 cxd3 32. cxd3 e5 33. Rf2+
Ke6 34. g5 Rc1 35. Rf6+ 1-0

[Event "BL 0910 Werder Bremen - H.Handschuhshei"]
[Site "?"]
[Date "2010.02.28"]
[Round "11.7"]
[White "Schwalfenberg, Joerg"]
[Black "Roiz, Michael"]
[Result "0-1"]
[WhiteElo "2317"]
[BlackElo "2658"]
[PlyCount "54"]
[EventDate "2010.??.??"]

1. d4 Nf6 2. Nf3 g6 3. c4 Bg7 4. Nc3 O-O 5. g3 d5 6. Qb3 dxc4 7. Qxc4 Nfd7 8.
Bf4 Nc6 9. Rd1 Nb6 10. Qc5 Bg4 11. d5 Nd7 12. Qe3 Nb4 13. Rd2 c6 14. dxc6 Nxc6
15. Bg2 Qa5 16. Bh6 Bxf3 17. Bxf3 Nde5 18. Rd5 Bxh6 19. Qxh6 Qb4 20. Rd2 Nxf3+
21. exf3 Rad8 22. O-O Nd4 23. a3 Qc4 24. Rdd1 Nxf3+ 25. Kg2 Qc6 26. Kh3 f6 27.
Kg4 Ng5 0-1

[Event "BL 0910 Werder Bremen - H.Handschuhshei"]
[Site "?"]
[Date "2010.02.28"]
[Round "11.8"]
[White "Nyback, Tomi"]
[Black "Vatter, Hans-Joachim"]
[Result "1-0"]
[WhiteElo "2615"]
[BlackElo "2321"]
[PlyCount "69"]
[EventDate "2010.??.??"]

1. d4 d5 2. c4 dxc4 3. e3 e6 4. Bxc4 Nf6 5. Nf3 a6 6. O-O c5 7. Bb3 cxd4 8.
exd4 Be7 9. Qe2 O-O 10. Nc3 b5 11. Bg5 Bb7 12. Rad1 b4 13. Bxf6 Bxf6 14. Ne4 a5
15. Ne5 Ra7 16. Rfe1 Ba8 17. Qe3 Rc7 18. Qf4 Bxe4 19. Qxe4 Bxe5 20. Qxe5 Nc6
21. Qe4 Ne7 22. Rc1 Qd6 23. Rxc7 Qxc7 24. g3 Rd8 25. d5 a4 26. Bc2 Nxd5 27.
Qxh7+ Kf8 28. Bxa4 Nf6 29. Qh8+ Ng8 30. Qh4 Qb6 31. Bb3 Rd2 32. Qf4 Rxb2 33.
Bxe6 Nf6 34. Bb3 g6 35. Qh6+ 1-0

[Event "BL 0910 SV Wattenscheid - SC Remagen"]
[Site "?"]
[Date "2010.02.28"]
[Round "11.3"]
[White "Dgebuadze, Alexandre"]
[Black "Johannessen, Leif Erlend"]
[Result "1/2-1/2"]
[WhiteElo "2521"]
[BlackElo "2532"]
[PlyCount "40"]
[EventDate "2010.??.??"]

1. e4 Nf6 2. e5 Nd5 3. d4 d6 4. Nf3 dxe5 5. Nxe5 c6 6. c4 Nb4 7. Na3 Nd7 8.
Nxd7 Qxd7 9. Be2 g6 10. Bd2 a5 11. Bc3 Bg7 12. O-O O-O 13. Bf3 Rd8 14. d5 cxd5
15. Bxg7 Kxg7 16. cxd5 b5 17. Qe2 Bb7 18. Nxb5 Bxd5 19. Bxd5 Nxd5 20. Rfd1 Qf5
1/2-1/2

[Event "BL 0910 SV Wattenscheid - SC Remagen"]
[Site "?"]
[Date "2010.02.28"]
[Round "11.4"]
[White "Appel, Ralf"]
[Black "Swinkels, Robin"]
[Result "1-0"]
[WhiteElo "2551"]
[BlackElo "2511"]
[PlyCount "85"]
[EventDate "2010.??.??"]

1. e4 c5 2. Nf3 e6 3. g3 Nc6 4. Bg2 Nf6 5. d3 d5 6. e5 Nd7 7. Bf4 Be7 8. h4 h6
9. Nc3 a6 10. a4 Rb8 11. h5 b5 12. axb5 axb5 13. O-O b4 14. Ne2 Bb7 15. Qd2 Ra8
16. c3 Nb6 17. g4 c4 18. Ned4 Nxd4 19. Nxd4 bxc3 20. bxc3 O-O 21. Rxa8 Bxa8 22.
Ra1 cxd3 23. Bf1 Nc4 24. Qxd3 Qb6 25. Rb1 Qa7 26. Qg3 Rb8 27. Re1 Qa2 28. Bd3
Qa5 29. Bc2 Na3 30. Ra1 Qc7 31. Rxa3 Bxa3 32. g5 hxg5 33. Bxg5 Kf8 34. h6 gxh6
35. Bf6 Bc6 36. Qg7+ Ke8 37. Nxe6 Qb6 38. Bg6 Kd7 39. Qxf7+ Kc8 40. Nc5 Qb1+
41. Bxb1 Rxb1+ 42. Kh2 Bxc5 43. Qg8+ 1-0

[Event "BL 0910 SV Wattenscheid - SC Remagen"]
[Site "?"]
[Date "2010.02.28"]
[Round "11.5"]
[White "Teske, Henrik"]
[Black "Handke, Florian"]
[Result "0-1"]
[WhiteElo "2545"]
[BlackElo "2513"]
[PlyCount "80"]
[EventDate "2010.??.??"]

1. Nf3 d5 2. d4 c6 3. c4 Nf6 4. Nc3 dxc4 5. a4 Bf5 6. Ne5 Nbd7 7. Nxc4 Nb6 8.
Ne5 a5 9. f3 Nfd7 10. e4 Nxe5 11. dxe5 Qxd1+ 12. Kxd1 Be6 13. Kc2 Bc4 14. Bxc4
Nxc4 15. f4 e6 16. b3 Nb6 17. Be3 Nd7 18. Rad1 O-O-O 19. Rd4 Bc5 20. Rxd7 Bxe3
21. Rxf7 Rd2+ 22. Kb1 Rhd8 23. f5 R8d3 24. Rc1 Bd4 25. fxe6 Bxc3 26. Rf8+ Kc7
27. e7 Rb2+ 28. Ka1 Rc2+ 29. Kb1 Rb2+ 30. Ka1 Rxg2+ 31. Kb1 Rb2+ 32. Ka1 Rc2+
33. Kb1 Rb2+ 34. Ka1 Rxh2+ 35. Kb1 Rb2+ 36. Ka1 Rc2+ 37. Kb1 Rb2+ 38. Ka1 Re2+
39. Kb1 Bd4 40. Rc8+ Kb6 0-1

[Event "BL 0910 SV Wattenscheid - SC Remagen"]
[Site "?"]
[Date "2010.02.28"]
[Round "11.6"]
[White "Straeter, Timo"]
[Black "Popovic, Petar"]
[Result "1/2-1/2"]
[WhiteElo "2347"]
[BlackElo "2496"]
[PlyCount "46"]
[EventDate "2010.??.??"]

1. d4 Nf6 2. c4 g6 3. Nc3 d5 4. e3 Bg7 5. Qb3 e6 6. Qa3 Nbd7 7. Nf3 a6 8. Bd2
b6 9. cxd5 exd5 10. Be2 Bb7 11. O-O Bf8 12. Qb3 Bd6 13. Ng5 O-O 14. f4 c5 15.
Bf3 h6 16. Nh3 Ne4 17. Nxe4 dxe4 18. Be2 Nf6 19. dxc5 Bxc5 20. Bb4 Bxb4 21.
Qxb4 Nd5 22. Qb3 Qd6 23. Rad1 Qb4 1/2-1/2

[Event "BL 0910 SV Wattenscheid - SC Remagen"]
[Site "?"]
[Date "2010.02.28"]
[Round "11.7"]
[White "Schulz, Klaus-Juergen"]
[Black "Gohla, Ulf"]
[Result "1/2-1/2"]
[WhiteElo "2385"]
[BlackElo "2181"]
[PlyCount "108"]
[EventDate "2010.??.??"]

1. d4 d5 2. Nf3 Nc6 3. Bf4 Nf6 4. e3 e6 5. c3 Bd6 6. Bd3 Qe7 7. Ne5 Bxe5 8.
dxe5 Nd7 9. Bb5 O-O 10. Bxc6 bxc6 11. O-O Ba6 12. Re1 f6 13. exf6 Qxf6 14. Bg3
Nc5 15. Qd4 Nd3 16. Qxf6 Rxf6 17. Re2 Raf8 18. Rd2 Nc1 19. f3 Ne2+ 20. Kf2 Nxg3
21. hxg3 c5 22. Na3 Rb8 23. c4 d4 24. b3 e5 25. exd4 cxd4 26. Re1 Rf5 27. Rde2
Re8 28. f4 Kf7 29. Rxe5 Rexe5 30. Rxe5 Rxe5 31. fxe5 Ke6 32. Nc2 Kxe5 33. Nb4
Bb7 34. Nd3+ Kd6 35. b4 Be4 36. Nc5 Ke5 37. a3 g5 38. Nd7+ Ke6 39. Nc5+ Ke5 40.
Nd7+ Ke6 41. Nc5+ Ke5 42. g4 Bg6 43. Kf3 Bc2 44. Ke2 Bg6 45. Kf3 Bc2 46. Ke2
Bg6 47. g3 Bf7 48. Kd3 Bg6+ 49. Kd2 Bf7 50. Kd3 Bg6+ 51. Ke2 Bf7 52. Nd3+ Ke4
53. Nf2+ Ke5 54. Nd3+ Ke4 1/2-1/2

[Event "BL 0910 SV Wattenscheid - SC Remagen"]
[Site "?"]
[Date "2010.02.28"]
[Round "11.8"]
[White "Koerber, Matthias"]
[Black "Bok, Benjamin"]
[Result "0-1"]
[WhiteElo "1898"]
[BlackElo "2351"]
[PlyCount "72"]
[EventDate "2010.??.??"]

1. d4 Nf6 2. Nf3 g6 3. Bf4 Bg7 4. c3 O-O 5. Nbd2 d6 6. e4 Nbd7 7. Bc4 Qe8 8.
O-O e5 9. dxe5 dxe5 10. Bg5 Nc5 11. Qc2 b6 12. Rfe1 Bb7 13. Rad1 a5 14. Bh4 Nh5
15. Nf1 b5 16. b4 bxc4 17. bxc5 Qc6 18. Ne3 Qxc5 19. Nd5 Rfe8 20. Qd2 h6 21. g4
Nf4 22. Nxf4 exf4 23. Qxf4 g5 24. Bxg5 hxg5 25. Nxg5 f6 26. Nf3 Qc6 27. Rd4
Rad8 28. Rxd8 Rxd8 29. Nd4 Qd6 30. Qf3 Qe5 31. Re3 Bh6 32. Re1 Bd2 33. Rd1 Bf4
34. Nf5 Re8 35. Rd7 Qxe4 36. Rg7+ Kf8 0-1

[Event "BL 0910 Turm Emsdetten - Solinger SG"]
[Site "?"]
[Date "2010.02.28"]
[Round "11.2"]
[White "Janssen, Ruud"]
[Black "Buhmann, Rainer"]
[Result "1/2-1/2"]
[WhiteElo "2520"]
[BlackElo "2603"]
[PlyCount "107"]
[EventDate "2010.??.??"]

1. c4 c6 2. Nf3 d5 3. e3 Nf6 4. Nc3 a6 5. Qc2 e6 6. b3 c5 7. Bb2 Nc6 8. a3 Be7
9. Bd3 b6 10. O-O Bb7 11. cxd5 exd5 12. Ne2 g6 13. Nf4 O-O 14. h4 Qd6 15. h5
Ng4 16. Be2 d4 17. hxg6 hxg6 18. Nxd4 Nxd4 19. Bxd4 cxd4 20. Bxg4 Bg5 21. Ne6
d3 22. Qc7 Qxc7 23. Nxc7 Ra7 24. Rfc1 Bf6 25. Rab1 Be5 26. b4 Rd8 27. b5 a5 28.
Na6 Bd5 29. f4 Bf6 30. Rc8 Rxc8 31. Bxc8 Ba2 32. Rc1 Bb2 33. Rc6 Bxa3 34. Rxb6
Bc4 35. Rb8 Bd6 36. b6 Bxb8 37. Nxb8 Ra8 38. Nc6 Bd5 39. b7 Bxc6 40. bxa8=Q
Bxa8 41. Bd7 Kf8 42. g4 Ke7 43. Bb5 Kd6 44. Kf2 Kc5 45. Be8 Bd5 46. e4 Bxe4 47.
Ke3 Bd5 48. Kxd3 Bb3 49. Kc3 Bd5 50. g5 Kd6 51. Ba4 Kc5 52. Bd1 Be6 53. Bc2 Kd6
54. Kd4 1/2-1/2

[Event "BL 0910 Turm Emsdetten - Solinger SG"]
[Site "?"]
[Date "2010.02.28"]
[Round "11.3"]
[White "Werle, Jan"]
[Black "Brandenburg, Daan"]
[Result "1/2-1/2"]
[WhiteElo "2563"]
[BlackElo "2480"]
[PlyCount "156"]
[EventDate "2010.??.??"]

1. d4 d5 2. c4 dxc4 3. e4 e5 4. Nf3 exd4 5. Bxc4 Nc6 6. O-O Be6 7. Bxe6 fxe6 8.
Qb3 Qd7 9. Qxb7 Rb8 10. Qa6 Nf6 11. Nbd2 Bd6 12. b3 O-O 13. Bb2 Bf4 14. Qd3 e5
15. Ba3 Rf7 16. Rac1 Bxd2 17. Nxd2 Nd8 18. Nc4 Qb5 19. f4 exf4 20. Rxf4 Qe8 21.
Rcf1 Ne6 22. Rf5 Rd7 23. Ne5 Rdd8 24. Qc4 Rb6 25. Bc5 Qb5 26. Bxb6 Qxc4 27.
bxc4 axb6 28. Nc6 Rd7 29. Re5 Kf7 30. Rd5 Ke8 31. Rd1 Nxd5 32. cxd5 Nd8 33.
Nxd4 c6 34. Nf5 g6 35. Ne3 Ra7 36. dxc6 Nxc6 37. Rd6 Ne7 38. Rxb6 Rxa2 39. Ng4
Kf7 40. Kf1 Ra4 41. Nf2 Ra2 42. g3 Rc2 43. Kg2 Ng8 44. Kf3 Rc3+ 45. Ke2 Nf6 46.
Ra6 Rb3 47. e5 Nd5 48. Ra7+ Ke6 49. Nd3 Rc3 50. Kd2 Rc7 51. Ra6+ Kf5 52. Rd6
Ke4 53. e6 Nf6 54. Ra6 g5 55. Ra5 Kd4 56. Nf2 Re7 57. Rxg5 Rxe6 58. Rg7 h6 59.
Ra7 Ne4+ 60. Nxe4 Kxe4 61. Ke2 Rb6 62. Ra4+ Kf5 63. Rf4+ Kg5 64. h4+ Kg6 65.
Kf3 Rb3+ 66. Kg4 h5+ 67. Kh3 Rb6 68. Rd4 Rb2 69. Rd6+ Kg7 70. Rd1 Kg6 71. Rg1
Ra2 72. Rg2 Ra3 73. Re2 Kf5 74. Kg2 Rb3 75. Kf2 Kg4 76. Re4+ Kh3 77. Re5 Rxg3
78. Rxh5 Rg4 1/2-1/2

[Event "BL 0910 Turm Emsdetten - Solinger SG"]
[Site "?"]
[Date "2010.02.28"]
[Round "11.4"]
[White "Breder, Dennis"]
[Black "Jussupow, Artur"]
[Result "0-1"]
[WhiteElo "2427"]
[BlackElo "2566"]
[PlyCount "116"]
[EventDate "2010.??.??"]

1. e4 e6 2. d4 d5 3. Nd2 c5 4. Ngf3 Nc6 5. exd5 exd5 6. Bb5 Bd6 7. dxc5 Bxc5 8.
O-O Nge7 9. c4 O-O 10. Nb3 Bb6 11. c5 Bc7 12. Bg5 Bg4 13. Re1 f6 14. Bh4 Be5
15. Qd2 Bxf3 16. gxf3 a6 17. Bf1 Qd7 18. Bg3 Rad8 19. Rad1 Kh8 20. f4 Bc7 21.
Nd4 Nxd4 22. Qxd4 Nc6 23. Qd3 d4 24. Bg2 Ba5 25. Re2 Rfe8 26. Rxe8+ Rxe8 27. a3
f5 28. Qc4 Bd8 29. b4 Bf6 30. a4 a5 31. b5 Nb4 32. c6 bxc6 33. bxc6 Qc7 34. Qb5
g6 35. Qb7 Re7 36. Bf3 Kg7 37. Kf1 Qd8 38. Qb5 d3 39. h4 h5 40. Re1 Rf7 41. Qc4
d2 42. Rd1 Re7 43. Kg2 Qd3 44. Qb5 Qc3 45. Qxa5 Nd3 46. Qxc3 Bxc3 47. Kf1 Nb2
48. Rb1 Re1+ 49. Kg2 Rc1 50. a5 Bd4 51. c7 Rxc7 52. a6 Kf6 53. Be2 Ke6 54. f3
Rc2 55. Kh3 Kd6 56. Bh2 Kc7 57. Bg1 Rc1 58. a7 Kb7 0-1

[Event "BL 0910 Turm Emsdetten - Solinger SG"]
[Site "?"]
[Date "2010.02.28"]
[Round "11.5"]
[White "Ragger, Markus"]
[Black "Fiebig, Thomas"]
[Result "1-0"]
[WhiteElo "2561"]
[BlackElo "2416"]
[PlyCount "79"]
[EventDate "2010.??.??"]

1. Nf3 d5 2. d4 Nf6 3. c4 dxc4 4. e3 Bg4 5. Bxc4 e6 6. h3 Bh5 7. Nc3 a6 8. g4
Bg6 9. Ne5 Nbd7 10. Nxg6 hxg6 11. Bf1 c6 12. Bg2 Qc7 13. Bd2 Be7 14. Qe2 Nd5
15. Rc1 Qb6 16. O-O Qxb2 17. Nxd5 cxd5 18. Rb1 Qxa2 19. Rfc1 b5 20. Ra1 Qb3 21.
Rc3 Qb4 22. Rc6 Qb2 23. Qd1 O-O 24. Bc3 Qxa1 25. Bxa1 Nf6 26. g5 Ne8 27. e4
dxe4 28. Bxe4 Rd8 29. h4 Nd6 30. Bd3 a5 31. Rc7 Rfe8 32. h5 Rc8 33. Rxc8 Rxc8
34. hxg6 Bxg5 35. Qg4 Bf6 36. gxf7+ Kxf7 37. d5 exd5 38. Qd7+ Be7 39. Be5 Rd8
40. Bg6+ 1-0

[Event "BL 0910 Turm Emsdetten - Solinger SG"]
[Site "?"]
[Date "2010.02.28"]
[Round "11.6"]
[White "Pruijssers, Roeland"]
[Black "Ernst, Sipke"]
[Result "0-1"]
[WhiteElo "2415"]
[BlackElo "2589"]
[PlyCount "128"]
[EventDate "2010.??.??"]

1. e4 e5 2. Nf3 Nc6 3. Bb5 a6 4. Ba4 Nf6 5. O-O Be7 6. Re1 b5 7. Bb3 d6 8. c3
O-O 9. h3 Na5 10. Bc2 c5 11. d4 Qc7 12. Nbd2 Bd7 13. Nf1 Nc4 14. Qe2 Nb6 15.
Ne3 Rfe8 16. dxe5 dxe5 17. c4 Bf8 18. b3 g6 19. Bd3 Nh5 20. g3 b4 21. Kh2 Qc8
22. Qf1 Bg7 23. a4 Be6 24. Bb2 Nd7 25. Rad1 Qb7 26. Nh4 Nb8 27. Be2 Nf6 28.
Bxe5 Nc6 29. Ba1 Nxe4 30. Bxg7 Kxg7 31. Bf3 Nd4 32. Bh1 f5 33. Nf3 Nxb3 34. Qd3
Na5 35. Ng5 Bg8 36. Qc2 Kh8 37. Nxe4 fxe4 38. Ng4 Qg7 39. Bxe4 b3 40. Qc1 Rab8
41. Bd5 Rxe1 42. Rxe1 b2 43. Qf4 Rf8 44. Qd6 Bxd5 45. Qxd5 Qd4 46. Qe6 Nxc4 47.
Qe7 Qg7 48. Qg5 Qd4 49. Qe7 Qg7 50. Qg5 h6 51. Qxc5 Nd2 52. Ne5 Rf6 53. h4 b1=Q
54. Rxb1 Nxb1 55. h5 gxh5 56. Qc8+ Qg8 57. Qc2 Qd5 58. Ng6+ Kg7 59. Nf4 Rxf4
60. gxf4 Nd2 61. Qc7+ Kf8 62. Qc8+ Ke7 63. Qxa6 Nf3+ 64. Kg2 Nh4+ 0-1

[Event "BL 0910 Turm Emsdetten - Solinger SG"]
[Site "?"]
[Date "2010.02.28"]
[Round "11.7"]
[White "Naumann, Alexander"]
[Black "Richter, Christian"]
[Result "1/2-1/2"]
[WhiteElo "2522"]
[BlackElo "2412"]
[PlyCount "45"]
[EventDate "2010.??.??"]

1. d4 Nf6 2. c4 g6 3. Nf3 Bg7 4. g3 O-O 5. Bg2 d6 6. O-O Nc6 7. Nc3 a6 8. h3
Bd7 9. e4 e5 10. dxe5 Nxe5 11. Nxe5 dxe5 12. Be3 Be6 13. Qe2 c6 14. Rfd1 Qa5
15. a3 Rfd8 16. Rxd8+ Rxd8 17. b4 Qc7 18. Rc1 Qe7 19. Bb6 Rc8 20. Rd1 Bh6 21.
Bc5 Qe8 22. Bd6 b5 23. Qf3 1/2-1/2

[Event "BL 0910 Turm Emsdetten - Solinger SG"]
[Site "?"]
[Date "2010.02.28"]
[Round "11.8"]
[White "Zumsande, Martin"]
[Black "Hoffmann, Michael"]
[Result "1/2-1/2"]
[WhiteElo "2413"]
[BlackElo "2513"]
[PlyCount "98"]
[EventDate "2010.??.??"]

1. e4 c5 2. c3 Nf6 3. e5 Nd5 4. d4 cxd4 5. Nf3 e6 6. cxd4 d6 7. Bc4 Nb6 8. Bd3
dxe5 9. dxe5 Na6 10. Qe2 Nc5 11. Bc2 Nd5 12. O-O Be7 13. Rd1 Bd7 14. Qc4 Rc8
15. Qg4 Kf8 16. Nbd2 h5 17. Qd4 Bb5 18. Nc4 Bxc4 19. Qxc4 g6 20. Bd2 Kg7 21.
Rac1 Qb6 22. Qd4 Rhd8 23. a3 Qb5 24. b4 Na4 25. Bd3 Qe8 26. Rxc8 Rxc8 27. Re1
a6 28. h3 Rd8 29. Qe4 Nac3 30. Bxc3 Nxc3 31. Qc4 Rc8 32. Qb3 Qd7 33. Bf1 Bd8
34. Bc4 b5 35. Qxc3 Rxc4 36. Qe3 Qc7 37. Rd1 Rc3 38. Qd4 Be7 39. Rd3 Rxd3 40.
Qxd3 Bd8 41. Kh2 Qb8 42. Qe4 Qa7 43. Kg1 Bb6 44. Qh4 Qd7 45. Qf6+ Kg8 46. Ng5
Bd8 47. Qf4 Bxg5 48. Qxg5 Qd4 49. Qe3 Qa1+ 1/2-1/2

[Event "BL 0910 Schachfr. Berlin - SC Eppingen"]
[Site "?"]
[Date "2010.02.28"]
[Round "11.1"]
[White "Berkes, Ferenc"]
[Black "Lauber, Arnd"]
[Result "1-0"]
[WhiteElo "2663"]
[BlackElo "2517"]
[PlyCount "111"]
[EventDate "2010.??.??"]

1. e4 c6 2. d4 d5 3. e5 Bf5 4. Nf3 e6 5. Be2 Nd7 6. O-O Bg6 7. Nbd2 Nh6 8. Nb3
Nf5 9. Bd2 Be7 10. g4 Nh6 11. h3 O-O 12. Be3 Kh8 13. Ne1 f6 14. exf6 Bxf6 15.
f4 Be7 16. Nd3 Bd6 17. Ne5 Nxe5 18. dxe5 Bc7 19. c4 dxc4 20. Qxd8 Rfxd8 21. Nc5
Bb6 22. Bxc4 Bxc5 23. Bxc5 Bd3 24. Bxe6 Bxf1 25. Rxf1 Rd3 26. Kg2 b6 27. Bd6
Rd8 28. f5 R3xd6 29. exd6 Rxd6 30. Bb3 Ng8 31. Re1 Rd8 32. g5 Rf8 33. Kg3 a5
34. a3 h6 35. h4 hxg5 36. hxg5 Rxf5 37. Kg4 Rb5 38. Bc4 Nh6+ 39. Kh5 Rc5 40.
Re8+ Kh7 41. Bd3+ g6+ 42. Bxg6+ Kg7 43. Re7+ Kf8 44. Rb7 Ng8 45. Rf7+ Ke8 46.
Rf5+ Kd7 47. Rxc5 bxc5 48. Bf7 Ne7 49. g6 Nf5 50. Kg5 Ng7 51. Kh6 Nf5+ 52. Kh7
a4 53. g7 Ne7 54. Kh6 Kd6 55. Kg5 Ke5 56. Ba2 1-0

[Event "BL 0910 Schachfr. Berlin - SC Eppingen"]
[Site "?"]
[Date "2010.02.28"]
[Round "11.2"]
[White "Polzin, Rainer"]
[Black "Gyimesi, Zoltan"]
[Result "1-0"]
[WhiteElo "2491"]
[BlackElo "2594"]
[PlyCount "70"]
[EventDate "2010.??.??"]

1. e4 e5 2. Nf3 Nc6 3. Bb5 a6 4. Ba4 Nf6 5. O-O Be7 6. Re1 b5 7. Bb3 O-O 8. d4
Nxd4 9. Nxd4 exd4 10. e5 Ne8 11. c3 dxc3 12. Nxc3 d6 13. Bd5 Rb8 14. Be3 b4 15.
Ne4 Rb5 16. Qb3 Bb7 17. Bxb7 Rxb7 18. e6 Rb5 19. Rad1 Qa8 20. exf7+ Rxf7 21. f3
h6 22. Bf2 Kf8 23. Ng3 Bh4 24. Re4 Bxg3 25. hxg3 a5 26. Qd3 Rb8 27. Rh4 Nf6 28.
g4 Kg8 29. Qg6 Nh7 30. Rxh6 Nf8 31. Rh8+ Kxh8 32. Qxf7 Qc6 33. Rd5 Nh7 34. Rh5
Qe8 35. Qf5 Qg8 1-0

[Event "BL 0910 Schachfr. Berlin - SC Eppingen"]
[Site "?"]
[Date "2010.02.28"]
[Round "11.3"]
[White "Braun, Arik"]
[Black "Schneider, Ilja"]
[Result "1-0"]
[WhiteElo "2519"]
[BlackElo "2500"]
[PlyCount "37"]
[EventDate "2010.??.??"]

1. d4 d5 2. c4 Nc6 3. Nf3 Bg4 4. Qa4 dxc4 5. e3 Bxf3 6. gxf3 e5 7. dxe5 Qd5 8.
Nc3 Qxf3 9. Rg1 Qh5 10. Bxc4 Qxh2 11. Rf1 Bb4 12. Ba6 Bxc3+ 13. bxc3 Qxe5 14.
Bxb7 Qxc3+ 15. Ke2 Nge7 16. Bd2 Qc5 17. Bxa8 O-O 18. Bxc6 Nxc6 19. Rh1 1-0

[Event "BL 0910 Schachfr. Berlin - SC Eppingen"]
[Site "?"]
[Date "2010.02.28"]
[Round "11.4"]
[White "Agopov, Mikail"]
[Black "Bindrich, Falko"]
[Result "0-1"]
[WhiteElo "2452"]
[BlackElo "2516"]
[PlyCount "80"]
[EventDate "2010.??.??"]

1. e4 c5 2. Nf3 d6 3. d4 cxd4 4. Nxd4 Nf6 5. Nc3 a6 6. Be2 e5 7. Nb3 Be7 8. O-O
O-O 9. Re1 Be6 10. Bf3 Nbd7 11. a4 Nb6 12. Nd2 Rc8 13. Nf1 Qc7 14. Ne3 Rfd8 15.
h3 Nc4 16. Ng4 Qb6 17. b3 Na5 18. Nd5 Nxd5 19. exd5 Bd7 20. Ne3 f5 21. g3 Rf8
22. Bd2 f4 23. Bxa5 Qxa5 24. Nc4 Qc5 25. g4 Bh4 26. Re2 h5 27. Qd3 b5 28. axb5
axb5 29. Nd2 Qxc2 30. Qxc2 Rxc2 31. Ra7 hxg4 32. hxg4 Be8 33. Ne4 Rxe2 34. Bxe2
f3 35. Bd1 Bg6 36. Nxd6 e4 37. Nf5 Bxf5 38. gxf5 Rc8 39. Ra1 Bf6 40. Rb1 b4 0-1

[Event "BL 0910 Schachfr. Berlin - SC Eppingen"]
[Site "?"]
[Date "2010.02.28"]
[Round "11.5"]
[White "Medvegy, Zoltan"]
[Black "Thiede, Lars"]
[Result "0-1"]
[WhiteElo "2556"]
[BlackElo "2450"]
[PlyCount "66"]
[EventDate "2010.??.??"]

1. e4 g6 2. d4 Bg7 3. Nc3 d6 4. f4 a6 5. Nf3 b5 6. Bd3 Nd7 7. a4 b4 8. Ne2 c5
9. c3 bxc3 10. bxc3 Qc7 11. O-O Bb7 12. Kh1 Nh6 13. Qe1 cxd4 14. Nexd4 Nc5 15.
Bc2 Rc8 16. Bd2 Ng4 17. Ng5 h6 18. Nh3 e5 19. Nf3 Nf6 20. Nf2 O-O 21. f5 g5 22.
Qe2 d5 23. exd5 Nxd5 24. Ng4 f6 25. Nf2 e4 26. Nxe4 Rfe8 27. Nd4 Nxe4 28. Bxe4
Nxc3 29. Bxc3 Rxe4 30. Qa2+ Qc4 31. Bb2 Rg4 32. Nf3 Qxa2 33. Rxa2 Rc2 0-1

[Event "BL 0910 Schachfr. Berlin - SC Eppingen"]
[Site "?"]
[Date "2010.02.28"]
[Round "11.7"]
[White "Paehtz, Elisabeth"]
[Black "Wintzer, Joachim Dr"]
[Result "1/2-1/2"]
[WhiteElo "2482"]
[BlackElo "2361"]
[PlyCount "83"]
[EventDate "2010.??.??"]

1. e4 e6 2. d4 d5 3. Nc3 Bb4 4. e5 c5 5. a3 Bxc3+ 6. bxc3 Ne7 7. Nf3 Bd7 8. a4
Nbc6 9. Be2 Qa5 10. Bd2 f6 11. c4 Qc7 12. cxd5 Nxd5 13. c4 Nde7 14. exf6 gxf6
15. dxc5 O-O-O 16. Bc3 e5 17. Qd6 Nf5 18. Qxc7+ Kxc7 19. O-O Be8 20. a5 a6 21.
Rfd1 Bg6 22. g4 Nfd4 23. Nxd4 exd4 24. Bd2 Be4 25. Bf4+ Kc8 26. Bd6 Rde8 27.
Rd2 Rhg8 28. Ra3 d3 29. Bxd3 Rxg4+ 30. Bg3 Bxd3 31. Rdxd3 Rxc4 32. Bd6 Ree4 33.
Rg3 Rg4 34. Kg2 Kd7 35. f4 Rxg3+ 36. Rxg3 Nxa5 37. Rg7+ Ke6 38. Rxh7 Nb3 39.
Rxb7 Nxc5 40. Bxc5 Rxc5 41. Rb6+ Kf5 42. Rxa6 1/2-1/2

[Event "BL 0910 SK König Tegel - SG Turm Trier"]
[Site "?"]
[Date "2010.02.28"]
[Round "11.1"]
[White "Lupulescu, Constantin"]
[Black "Rabiega, Robert"]
[Result "1/2-1/2"]
[WhiteElo "2599"]
[BlackElo "2531"]
[PlyCount "41"]
[EventDate "2010.??.??"]

1. e4 e5 2. Nf3 Nf6 3. d4 Nxe4 4. Bd3 d5 5. dxe5 Nc5 6. Nc3 c6 7. Nd4 g6 8. O-O
Bg7 9. f4 O-O 10. Nce2 f6 11. exf6 Qxf6 12. f5 Nxd3 13. Qxd3 Nd7 14. Qg3 Nc5
15. Bg5 Ne4 16. Bxf6 Nxg3 17. Bxg7 Nxe2+ 18. Nxe2 Kxg7 19. fxg6 Rxf1+ 20. Rxf1
hxg6 21. Nd4 1/2-1/2

[Event "BL 0910 SK König Tegel - SG Turm Trier"]
[Site "?"]
[Date "2010.02.28"]
[Round "11.2"]
[White "Stern, Rene"]
[Black "Cyborowski, Lukasz"]
[Result "1/2-1/2"]
[WhiteElo "2501"]
[BlackElo "2503"]
[PlyCount "85"]
[EventDate "2010.??.??"]

1. d4 d6 2. c4 Nf6 3. Nc3 g6 4. e4 Bg7 5. Nf3 O-O 6. Be2 c5 7. d5 e6 8. h3 exd5
9. exd5 Re8 10. O-O Bf5 11. Bd3 Bxd3 12. Qxd3 a6 13. Bf4 Qc7 14. Rae1 Nbd7 15.
b3 Rxe1 16. Rxe1 Re8 17. Re3 Bf8 18. Nd2 Rxe3 19. Qxe3 Qd8 20. g4 h5 21. Qg3
hxg4 22. hxg4 Qe7 23. Kf1 Ne8 24. Nce4 Ndf6 25. f3 b5 26. Qh2 bxc4 27. bxc4 Qd7
28. Qe2 Bg7 29. Kg2 Nxe4 30. Nxe4 Qe7 31. Kf1 Qd7 32. Qd1 Bd4 33. Kg2 Kg7 34.
Qb3 Qc7 35. Qa4 Qb8 36. Qb3 Qc7 37. Kf1 Qa5 38. Bd2 Qc7 39. Kg2 Nf6 40. Ng3 Nd7
41. Ne4 Nf6 42. Ng3 Nd7 43. Ne4 1/2-1/2